Detroit Pistons 2010's Starters - Statistics

General Stats
  • This quiz has been taken 601 times
    559 since last reset
  • The average score is 9 of 21
Answer Stats
Player Starts % Correct
Andre Drummond 6
96%
Blake Griffin 1
88%
Reggie Jackson 4
83%
Ben Wallace 2
73%
Richard Hamilton 2
65%
Tayshaun Prince 4
56%
Josh Smith 1
54%
Tobias Harris 2
54%
Greg Monroe 5
49%
Stanley Johnson 1
49%
Kentavious Caldwell-Pope 4
45%
Brandon Jennings 2
39%
Rodney Stuckey 3
36%
Brandon Knight 2
34%
Marcus Morris 2
28%
Bruce Brown 1
24%
Reggie Bullock 2
18%
Jason Maxiell 2
14%
Kyle Singler 2
14%
Ersan Ilyasova 1
13%
Jonas Jerebko 1
12%
No matching quizzes found
Score Distribution
Percent of People with Each Score
Percentile by Number Answered
Your Score History
You have not taken this quiz since the last reset